Welcome to the Holygrace Academy Library

Please use search bar below to get started

HANSEL & GREETEL (Record no. 8691)

MARC details
000 -LEADER
fixed length control field 00284nam a22001217a 4500
082 ## - DEWEY DECIMAL CLASSIFICATION NUMBER
Classification number 823
Item number WON/H
100 ## - MAIN ENTRY--AUTHOR NAME
Personal name WONDER HOUSE
245 ## - TITLE STATEMENT
Title HANSEL & GREETEL
246 ## - VARYING FORM OF TITLE
Title proper/short title HANSEL & GREETEL
Remainder of title HANSEL & GREETEL
260 ## - PUBLICATION, DISTRIBUTION, ETC. (IMPRINT)
Place of publication INDIA
Name of publisher WONDER HOUSE
Year of publication 2019
650 ## - SUBJECT ADDED ENTRY--TOPICAL TERM
Topical Term ENGLISH STORY
942 ## - ADDED ENTRY ELEMENTS (KOHA)
Koha item type Books
Holdings
Withdrawn status Lost status Collection code Home library Current library Shelving location Date acquired Source of acquisition Full call number Accession Number Koha item type
    Fiction Main Library Main Library NEW SHELF WITH NEW ENTRY 11/11/2023 PURCHASED 823 WON/H 13359 Books